000 00700nam a2200205Ia 4500
003 GCL
008 140319s9999 xx 000 0 ara d
040 _aGCL /
_cGCL
082 0 4 _a658.15
_bم ا
100 1 _aمحمد عثمان اسماعيل حميد
245 1 0 _aالادارةالمالية فى منظمات الاعمال: مدخل الاتحاد والقرارات المالية /
_cمحمد عثمان اسماعيل حميد
260 _a[S.N] :
_bدار النهضة العربية ،
_c1987
300 _a458
490 _a
650 0 4 _aالاستثمار
650 0 4 _aالادارة
650 0 4 _aالادارة المالية
650 0 4 _aالنقود
942 _2ddc
_cBK
999 _c35906
_d35906